000 00804nam a22002655a 4500
005 20160322093204.0
008 160322s2008 ii a fr 000 0 eng d
020 _a8185790353
020 _a9788185790350
040 _aEG-ScBUE
_beng
_cEG-ScBUE
082 0 4 _a615.1
_bYAD
_222
100 1 _aYadav, A. V.
_939548
245 1 0 _aHandbook of clinical pharmacy /
_cA. V. Yadav, B. V. Yadav, T. I. Shaikh.
250 _a5th ed.
260 _aShivaji Nagar :
_bNirali Prakashan,
_c2008.
300 _a1 v. (various pagings) :
_bill. ;
_c24 cm.
521 _aFor B. Pharmacy.
650 7 _aClinical pharmacology.
_2BUEsh
_938454
650 7 _aPharmacy.
_2BUEsh
_939617
651 _2BUEsh
653 _bPPhrm
_cMarch2016
700 1 _aYadav, B. V.
_939549
700 1 _aShaikh, T. I.
_939616
942 _2ddc
999 _c21466
_d21438